000 00200 a2200097 4500
001 9238
100 _aAreberey, A.J.
245 _aThe koran interpreted
260 _a
_bAllen
_c
090 _c7408
_d7408
942 _aNUST-CAE
_cM
_c34054
999 _c244311
_d244311